000 01104cam a2200337 a 4500
003 CHAP
005 20220329142607.0
008 990710d1999 es a r 00110 spa d
010 _a85431
011 _a86403
020 _a0135334985
035 _a96941
040 _cCHAP
082 0 4 _a540
_bP45 1997
100 0 0 _aPetrucci, Ralph H.
_987690
245 1 0 _aGeneral chemistry :
_bPrinciples and modern applications
_c/by Ralph H. Petrucci y William S. Harwood
250 _a7ed.
260 _aUpper Saddle River, N.J. :
_bPrentice-Hall,
_c1997.
300 _a989 p. :
_bilus. ; gráfs.
590 _aBATCH-UPD
_b10
_c20130110
_lUCH01
_h0424
590 _aBATCH-UPD
_b10
_c20130110
_lUCH01
_h2304
590 _aBATCH-UPD
_b10
_c20130410
_lUCH01
_h0058
590 _aBATCH-UPD
_b10
_c20130914
_lUCH01
_h1603
590 _aCONVERSION
_b10
_c20130109
_lUCH01
_h1347
650 1 4 _aQuímica.
_993552
700 0 _aHarwood, William S.
_953013
901 _aBK
905 _aAlejandra Carrasco M.
942 _cLIBRO
949 _a540 P45 1997
_bBC
_cLIBRO
_d33724000862124
_eLIBRO
_h102194
_i96941
_kI.c/e
_si
_t$ 431.00
999 _c85431
_d85431